MDQL
is popping MORE tags! Check the
thread
!
Quizzes
Events
Quiz Creation
Community
Videos
Private Events
Remove Ads
Sign In
Join for FREE
Feedback
Dark Mode
Quiz Categories
Sports
Geography
Music
Movies
Television
Just For Fun
Miscellaneous
History
Literature
Language
Science
Gaming
Entertainment
Religion
Holiday
For Kids
Quiz Lab
Recent
Popular Today
Quiz Kudos Today
Editor Picks
Curator Picks
Quizzes by...
Day
Popularity
Type
Ratings
Length
Year
Community
Subscriptions
Recent Discussions
Orange Saloon
Badges
Playlists
Quests
Create
Leaderboards
Showdown
Live 5
Trivia Bingo
Activity
Puzzle Library
Sporcle Events
Private Events
Virtual Trivia
Globe League
Become a Host
Pub Owners
SporcleCon
Opinionation
Our Games
Videos
Blog
Mobile Apps
Partnerships
Remove Ads and Go Orange
Feedback
Music
Pop Music
The Beatles
Song
Album
Lyrics
Bands
Singers
Artist
Clip
Rock
Rap
Classical
Billboard
Country Music
Kpop
Taylor Swift
Music
Pop Music
The Beatles
Song
Album
Lyrics
Bands
Singers
Artist
Clip
Rock
Rap
Classical
Billboard
Country Music
Kpop
Taylor Swift
Random Quiz
Search Sporcle
×
Quiz Lab
Quiz Lab
Music
Singers
Type answers based on single images at one time
Type answers based on single images at one time
Slideshow
Best Score? Go Orange.
Singers Born In 1980 Stats
Can you name the singers born In 1980?
By
hopalcirace
10m
19 Questions
69 Plays
69 Plays
69 Plays
Comments
Comments
Give Quiz Kudos
Give Quiz Kudos
-
- Ratings
hide this ad
Replay
Link that replays current quiz
Next Quiz
Link to next quiz in quiz playlist
You Got
0%
They Got
Avg Score
29%
Avg Friend Score
Upgrade to see
Score Distribution
Jump to the score distribution portion of the page
Score
0/19
Timer
10:00
0
Plays Today
% Correct
Jessica Simpson
75.4%
Christina Aguilera
68.1%
Zooey Deschanel
63.8%
Nick Carter
58%
Michelle Williams
47.8%
Gotye
39.1%
Ashanti
37.7%
Nick Cannon
34.8%
T.I.
31.9%
Brian McFadden
29%
% Correct
Win Butler
18.8%
Gucci Mane
14.5%
Regina Spektor
14.5%
Markus Feehily
7.2%
Nicky Jam
4.3%
Bobby Valentino
4.3%
Shannon Bex
4.3%
Lizz Wright
2.9%
Manuel Ortega
2.9%
Quiz Playlist
Details
Report
Send in Message
Add To Playlist
Slideshow:
Type answers based on single images at one time
Last Updated: Apr 6, 2017
Quiz Scoreboard
CHALLENGE
Sign Up to Join the Scoreboard
Show All
Scores
Hide
Comments
May contain spoilers
Recently Published
Two Season TV Shows II
by 123Four
Television
10m
Image Sorting: Flags VI
by Barbecue
Geography
2m
Find the 'City' Movie
by crazypaving
Movies
60s
More to Explore
Quiz From the Vault
Featured Blog Post
14 Easter Pick-up Lines to Find Eggs With
hide this ad
You Might Also Like...
Tags
Singers Quiz
1980
Born
Rapper
Slideshow
Today's Top Quizzes in Music
Browse Music
hide this ad
Today's Top Quizzes in Singers
Browse Singers
Top Contributed Quizzes in Music
1
5X2 Blitz: Bands II
2
5X2 Blitz: The Beatles
3
Taylor Swift All Songs (2024)
4
5X2 Blitz: Billboard
5
5X2 Blitz: Billboard II
6
5X2 Blitz: Album
7
5X2 Blitz: Rock
8
5X2 Blitz: Singers
9
Music Artist by Three 2010s hits
10
5X2 Blitz: Lyrics
Explore More
Trending Topics
Kpop
Crossword
NBA
Disney
Anime
Marvel
Harry Potter
Song
NFL
WWE
The Office
Puzzle
Pokémon
Country
Soccer
hide this ad
More By:
hopalcirace
Quiz
Plays
Rating
Category
Featured
Created
Female Singers #1 Songs
17,873
4.31
Music
Jan 11, 2017
Guess The Song: Little Mix
9,691
4.00
Music
Jan 1, 2017
Little Mix Songs By Letter
6,797
3.67
Music
Aug 10, 2017
The Ultimate Little Mix Quiz
5,428
2.33
Music
Mar 11, 2017
Little Mix: Who Sang It?
4,688
5.00
Music
Apr 21, 2017
Go to Creator's Profile
Score Distribution
Quiz Creator Spotlight
hopalcirace
Follow
Send a Message
Quizzes Created
-
Created Quiz Play Count
-
More By This Creator
Popular Quizzes Today
1
Find the US States - No Outlines Minefield
2
Colored Red Africa Blitz
3
Find the 'City' Movie
4
5x2 Blitz: Bands
5
The Countries of the World
6
Find the Countries of Europe - No Outlines Minefield
7
Find the US States
8
US States
More Music Quizzes
'A Natural Woman' Lyrics
Published
Trending Quizzes
Colored Red Europe Blitz I
Colored Red Africa Blitz II
Colored Red Europe Blitz II
Colored Red Africa Blitz III
Colored Red Europe Blitz III
Recently Updated
How Do You Spell That?
pecheneg
Godzilla Movies
pecheneg
Grab Bag: 4-10 Letters
pecheneg
2024 March Madness Bracket
pecheneg
Famous TV Couples
Peacemaker
Champions League XIs: Real Madrid
pecheneg
Largest US Cities 1790-2010
pecheneg
Rides in Walt Disney World
pecheneg
Most Oscar Losses (Acting)
pecheneg
Beyoncé Albums
pecheneg
Trending Topics
Anime
Harry Potter
NBA
Marvel
Crossword
Kpop
Disney
Soccer
Pokémon
Puzzle
Song
NFL
The Office
WWE
Country
Your Account Isn't Verified!
In order to create a playlist on Sporcle, you need to verify the email address you used during registration. Go to your
Sporcle Settings
to finish the process.
Report this User
Report this user for behavior that violates our
Community Guidelines
.
Details:
Send Report
Go to the Sporcle.com Mobile Site →
Comments